[Event "Wch U16"]
[Site "Porto Carras"]
[Date "2018.10.30"]
[Round "11.34"]
[White "Kim, Yunseo"]
[Black "Ongut, Tamas Gunes"]
[Result "1/2-1/2"]
[WhiteElo "1995"]
[BlackElo "2185"]
[PlyCount "68"]
[EventDate "2018.10.20"]
[EventType "swiss"]
[EventRounds "11"]
[EventCountry "GRE"]
[SourceTitle "CBM 187 Extra"]
[Source "ChessBase"]
[SourceDate "2018.11.04"]
[SourceVersion "1"]
[SourceVersionDate "2018.11.04"]
[SourceQuality "1"]

1. e4 e5 2. Nf3 Nc6 3. Bb5 a6 4. Ba4 Nf6 5. 0-0 Be7 6. Re1 b5 7. Bb3 0-0 8. c3 d6 9. h3 Bb7 10. d4 Nd7 11. Nbd2 exd4 12. cxd4 Bf6 13. Nf1 Na5 14. Bc2 c5 15. d5 Re8 16. Ne3 Ne5 17. Nh2 Nac4 18. Rb1 Nxe3 19. Bxe3 Bc8 20. b3 g6 21. f4 Nd7 22. Nf3 a5 23. Bf2 Bg7 24. Bg3 f6 25. Bd3 Qb6 26. Kh1 Bb7 27. a4 c4 28. bxc4 b4 29. Qc2 Ba6 30. Bf2 Qc7 31. Nd4 Nc5 32. Nb5 Bxb5 33. cxb5 Rac8 34. Bxc5 dxc5 1/2-1/2